najdrożsi piłkarze w danym wieku - Statystyki

Ogólne statystyki
  • Ten quiz został rozwiązany 189 razy
  • Średni wynik to 5 z 15
Statystyki odpowiedzi
Hint Odpowiedź % Poprawnych
24 lata Kylian Mbappe / Mbappe
95%
22 lata Erling Haaland / Haaland
82%
18 lat Gavi
72%
20 lat Pedri
68%
29 lat Harry Kane / Kane
43%
19 lat Jamal Musiala / Musiala
43%
30 lat Mohamed Salah / Salah
31%
21 lat Bukayo Saka / Saka
23%
16 lat Endrick
16%
27 lat Joshua Kimmich / Kimmich
16%
26 lat Rodri
16%
28 lat Bernardo Silva / Silva
15%
23 lata Rafael Leao / Leao
14%
17 lat Mathys Tel / Tel
6%
25 lat Christopher Nkunku / Nkunku
4%
Nie znaleziono quizów pasujących do podanych kryteriów
Rozkład punktacji
Procent ludzi z każdym wynikiem
Percentyl według liczby udzielonych odpowiedzi
Twoja historia wyników
Nie rozwiązałeś tego quizu